000 01199nam a2200229Ia 4500
001 L371-24355
003 IT-CnALBA
008 170116s9999||||xx |||||||||||||| ||und||
040 _aIT-CnALBA
_cIT-CnALBA
041 _aITALIANO
100 _aSEMPIO ROSSI ERMINIA, CAV.
245 0 _aSTORIE DI MAMME.
250 _a4a ed.
260 _aCINISELLO BALSAMO (MI)
_bEDIZIONI PAOLINE
_c1974 [1° Ed.:1972 - Ed.Ling.Originale: 1972]
300 _a170 p.
500 _aFESTA DELLA MAMMA. TESTIMONIANZE DI VITA. MAMMA CORAGGIOSA, PER VOCAZIONE. RINUNZIA. PRODIGIO DELL'AMORE. MAMMA, INFATICABILE, EMIGRATI, DEDIZIONE, SANTA, CARCERATI, MALATINI, DIFFICILE COMPITO. SAGGIA. BENEDETTA. LA MAMMA DEL VILLAGGIO. DISEGNI ILLUSTRAT
501 _aSocietà San Paolo EM - Piazza San Paolo, 14 - 12051 ALBA (CN) (non commercial uses only) ® Copyright 2017
520 _aFESTA DELLA MAMMA. TESTIMONIANZE DI VITA. MAMMA CORAGGIOSA, PER VOCAZIONE. RINUNZIA. PRODIGIO DELL'AMORE. MAMMA, INFATICABILE, EMIGRATI, DEDIZIONE, SANTA, CARCERATI, MALATINI, DIFFICILE COMPITO. SAGGIA. BENEDETTA. LA MAMMA DEL VILLAGGIO. DISEGNI ILLUSTRAT
650 _aISTRUZIONE - EDUCAZIONE
942 _cBK
957 _71
999 _a29121
_bNO
_g Copie: 1
_c283459
_d283459